|
|
|
|
| LEADER |
00892cam a2200229 7i4500 |
| 001 |
0000022827 |
| 005 |
20090604090000.0 |
| 022 |
0 |
0 |
|a 0126-5989
|
| 090 |
0 |
0 |
|a M 338.9
|b BAN
|
| 110 |
2 |
0 |
|a Bank Negara Malaysia
|
| 245 |
2 |
0 |
|a Bank Negara Malaysia :
|b Annual report 2008.
|
| 260 |
0 |
0 |
|a Kuala Lumpur:
|b Bank Negara Malaysia,
|c 2009.
|
| 300 |
# |
# |
|a [v.p].
|
| 650 |
0 |
0 |
|a Bank Negara Malaysia --
|x Annual report
|
| 651 |
0 |
0 |
|a Malaysia
|
| 999 |
|
|
|a JHR000148B
|b Book
|c Malaysia
|e MATRADE Southern Regional Office
|
| 999 |
|
|
|a 0000024474
|b Book
|c Malaysia
|e Business Information Centre
|
| 999 |
|
|
|a 0000024475
|b Book
|c Malaysia
|e Business Information Centre
|
| 999 |
|
|
|a PNG000856B
|b Book
|c Malaysia
|e MATRADE Northern Regional Office
|
| 999 |
|
|
|a SBH000824B
|b Book
|c Malaysia
|e MATRADE Sabah
|
| 999 |
|
|
|a SRW000254B
|b Book
|c Malaysia
|e MATRADE Sarawak
|
| 999 |
|
|
|a TRG000139B
|b Book
|c Malaysia
|e MATRADE Eastern Regional Office
|